Pokémon that can Fly, but don’t have the Flying Type - Statistics

General Stats
  • This quiz has been taken 15 times
  • The average score is 5 of 12
Answer Stats
Answer % Correct
Vibrava
93%
Flygon
80%
Mew
47%
Reshiram
47%
Zekrom
47%
Kyurem
40%
Latias
40%
Latios
40%
Arceus
33%
Genesect
13%
Golurk
13%
Volcarona
7%
No matching quizzes found
Score Distribution
Percent of People with Each Score
Percentile by Number Answered
Your Score History
You have not taken this quiz